Statistiques concernant Géographie à 5 lettres

Cliquez ici pour prendre le quiz!

Statistiques générales

  • Ce quiz a été pris 407 fois
  • Le résultat moyen est 13 sur 20

Statistiques - réponses

Hint5 lettres% Correct
Rivière de ParisSeine
98%
Capitale de la TunisieTunis
97%
Voisin de l'EquateurPérou
90%
2ème plus grande ville du PortugalPorto
90%
Ancien nom de l'IranPerse
88%
Rivière d'Orléans et NantesLoire
86%
Nation insulaire dans la mer MéditerranéeMalte
86%
Voisin du Inde et ChineNepal
85%
La plus grande chaîne de montagnes d'Amérique du SudAndes
82%
Chaîne de montagnes entre l'Europe et l'AsieOural
79%
La plus grande île grecqueCrete
71%
Pays de N'DjamenaTchad
68%
2ème plus long fleuve d'AfriqueCongo
63%
Le plus long fleuve d'EuropeVolga
62%
3ème plus long fleuve d'AfriqueNiger
54%
Pays de MombasaKenya
37%
Nom finlandais pour la FinlandeSuomi
36%
Un des Grands LacsHuron
35%
La plus grande île des PhilippinesLuzon
11%
Gand en anglaisGhent
10%

Distribution des résultats

Percentile par nombre de réponses

% des personnes avec chaque résultat

Votre développement - résultats

Vous n’avez pas pris ce quiz